| 000 | 00504nam a22001691i 4500 | ||
|---|---|---|---|
| 001 | 24180 | ||
| 010 | _a9789896263683 | ||
| 090 | _a24180 | ||
| 100 | _a20170304u u u0frey50 ba | ||
| 101 | 0 | _apor | |
| 200 | 1 |
_fRenato Paiva _aEnsina o teu filho a estudar _eestratégias e orientações práticas para pais, alunos e educadores |
|
| 210 |
_cA Esfera dos Livros _aLisboa _d2014 |
||
| 215 |
_a259, [5] p. _d23 cm |
||
| 700 | 1 |
_aPaiva _bRenato _4070 |
|
| 702 | 1 |
_aCordeiro _bMário _4080 |
|
| 801 |
_aPT _gRPC |
||
| 990 | _cLIVROS | ||